Sanat - "Ol kaunis kesäilta" - Suomalainen kansanlaulu - Statistics

Yleistilastot
  • Tätä visaa on pelattu 4 kertaa
  • Keskiarvotulos 28 / 50
Vastaustilastot
Vastaus % Oikein
kaunis
100%
kaunis
100%
kesäilta
100%
kesäilta
100%
Ol
100%
ol
100%
aina
75%
aina
75%
jot
75%
jot
75%
kävelin
75%
kävelin
75%
kohtasin
75%
kohtasin
75%
kun
75%
kun
75%
laaksossa
75%
laaksossa
75%
75%
75%
siel
75%
siel
75%
Hän
50%
hän
50%
ja
50%
ja
50%
ja
50%
ja
50%
muistelen
50%
muistelen
50%
se
50%
se
50%
heltyi
25%
heltyi
25%
kanteloa
25%
kanteloa
25%
lauleli
25%
lauleli
25%
laulun
25%
laulun
25%
neidon
25%
neidon
25%
soitti
25%
soitti
25%
syömmeni
25%
syömmeni
25%
tunteheni
25%
tunteheni
25%
voitti
25%
voitti
25%
Ehtoja vastaavia visoja ei löytynyt
Tulosjakauma
Jokaisen tuloksen saaneiden osuus
Persentiili vastausten määrän mukaan
Tuloshistoriasi
Et ole pelannut tätä visaa